000 00400nam a2200181Ia 4500
005 20240823033406.0
008 240823s9999||||xx |||||||||||||| ||und||
041 _aENGLISH
082 _A158.2 Q0
100 _aJohinthar Singh
245 0 _aVettikana Valihal
250 _a1st
260 _c2010
_bFusion
500 _aYES
650 _aTamil Books
_bGeneral
942 _cBK
999 _c195701
_d195701